| 000 | 01384nam a2200277 a 4500 | ||
|---|---|---|---|
| 003 | DO-SdBNP | ||
| 005 | 20260429123224.0 | ||
| 006 | a||||gr|||| 00| 0 | ||
| 007 | ta | ||
| 008 | 220915e2005 dr ac||grty|| 001 0 spa d | ||
| 040 |
_aDO-SdBNP _bspa _cBNPHU _erda |
||
| 082 | 4 |
_222 _a361.25 _bP273man |
|
| 245 | 1 | 0 |
_aMemoria anual 2005. / _cPresentación y coordinación, Luis Scheker Ortiz |
| 264 |
_aSanto Domingo : _bUSAID, _c2005 |
||
| 300 |
_a101 páginas : _bIllustraciones, retratos. ; _c28 cm. |
||
| 336 |
_2rdacontent _atexto _btxt |
||
| 337 |
_2rdamedia _asin mediación _bn |
||
| 338 |
_2rda carrier _avolumen _bnc |
||
| 505 |
_aPresentación. _tConsejo Nacional.-- _tTransparencia de la Gestión Públicas.-- _tPolítico Electoral.-- _tJusticia y Derechos Ciudadanos.-- _tFortalecimiento de la Participación de la membresía.-- _tSostenibilidad Financiera y Gestión Interna.-- _tÁreas de Apoyo.-- _tEspacios de Coordinación Internacional.-- _tInformes de Comisiones.-- _tPublicaciones 2005.-- _tInforme Financiero. |
||
| 590 | _aInventariado 2023 / MF | ||
| 650 | 4 |
_aOrganizaciones sin ánimo de lucro _xCorrespondencia, memorias, etc. _956956 |
|
| 650 | 4 |
_aParticipación Ciudadana (República Dominicana) _xCorrespondencia, memorias, etc. _982388 |
|
| 650 | 2 | 0 |
_aParticipación política _9456 |
| 700 | 1 |
_99515 _aScheker Ortiz, Luis, _epresentación y coordinador |
|
| 942 |
_2ddc _cLBS1 |
||
| 999 |
_c52406 _d52406 |
||